Om Shanti Om / (Record no. 46411)

MARC details
000 -LEADER
fixed length control field 01023njm a22002657a 4500
005 - DATE AND TIME OF LATEST TRANSACTION
control field 20100917114025.0
006 - FIXED-LENGTH DATA ELEMENTS--ADDITIONAL MATERIAL CHARACTERISTICS--GENERAL INFORMATION
fixed length control field a|||||r|||||00| 0
007 - PHYSICAL DESCRIPTION FIXED FIELD--GENERAL INFORMATION
fixed length control field sd ammalaaahaa
008 - FIXED-LENGTH DATA ELEMENTS--GENERAL INFORMATION
fixed length control field 100907t xxu||||| |||| 00| 0 eng d
028 ## - PUBLISHER NUMBER
Publisher number PEALP. 2042
Source His Master's Voice
035 ## - SYSTEM CONTROL NUMBER
System control number GR-03358
100 ## - MAIN ENTRY--PERSONAL NAME
Personal name Kishore Kumar
9 (RLIN) 18693
245 ## - TITLE STATEMENT
Title Om Shanti Om /
Statement of responsibility, etc by Kishore Kumar ; music by Laxmikant Pyarelal ; lyric by Anand Bakhsi
Medium [Sound recording]
246 ## - VARYING FORM OF TITLE
Title proper/short title ॐ शांति ॐ /
260 ## - PUBLICATION, DISTRIBUTION, ETC. (IMPRINT)
Place of publication, distribution, etc Dum Dum, India
Name of publisher, distributor, etc His Master's Voice
Date of publication, distribution, etc 1981
300 ## - PHYSICAL DESCRIPTION
Extent 1 sound disc [Gramophone Recording]
Other physical details analog, 33 1/3rpm ;
Dimensions 12 in. (LP)
Type of unit Gramaphone Records
500 ## - GENERAL NOTE
General note Brief record
500 ## - GENERAL NOTE
General note Record lables : His Master's Voice, Red
505 ## - FORMATTED CONTENTS NOTE
Formatted contents note Side-1 (Om Shanti Om) (Kishore Kumar),--Side-2 (Zindagi Ki Na Toote Ladi) (Lata Mangeshka)
600 ## - SUBJECT ADDED ENTRY--PERSONAL NAME
Source of heading or term Kishore Kumar
650 ## - SUBJECT ADDED ENTRY--TOPICAL TERM
Topical term or geographic name as entry element Classicals Music
General subdivision Excerpts
Geographic subdivision India
9 (RLIN) 18694
700 ## - ADDED ENTRY--PERSONAL NAME
Personal name Pyarelal, Laxmikant
9 (RLIN) 20471
700 ## - ADDED ENTRY--PERSONAL NAME
Personal name Bakhsi, Anand
9 (RLIN) 20472
942 ## - ADDED ENTRY ELEMENTS (KOHA)
Source of classification or shelving scheme Dewey Decimal Classification
Item type Gramaphone Records

No items available.


© Delhi Public Library
Hit Counter
free hit counter